Statistics for Premier League Teams 2011-12

Click here to take the quiz!

General Stats

  • This quiz has been taken 29 times
  • The average score is 18 of 20

Answer Stats

Position Team % Correct
CManchester City
100%
3Arsenal
100%
6Chelsea
100%
8Liverpool
100%
2Manchester United
100%
13Sunderland
96%
4Tottenham Hotspur
96%
10West Bromwich Albion
89%
RBlackburn Rovers
85%
17Queens Park Rangers
85%
15Wigan Athletic
85%
14Stoke City
85%
11Swansea City
85%
12Norwich City
85%
9Fulham
85%
7Everton
85%
5Newcastle United
85%
16Aston Villa
81%
RBolton Wanderers
81%
RWolverhampton Wanderers
74%

Score Distribution

Percentile by Number Answered

Percent of People with Each Score

Your Score History

You have not taken this quiz